书目信息 |
| 题名: |
世界上最伟大的谈判家
|
|
| 作者: | 孔谧 编 | |
| 分册: | ||
| 出版信息: | 北京 工商出版社 |
|
| 页数: | 385页 | |
| 开本: | 32开 | |
| 丛书名: | ||
| 单 册: | ||
| 中图分类: | C912.25 | |
| 科图分类: | ||
| 主题词: | 社会结构 , 社会关系 | |
| 电子资源: | ||
| ISBN: | 7-80012-226-3 | |
| 000 | 00569nam0 2200205 45 | |
| 001 | 0006211131 | |
| 005 | 20000621163627.2 | |
| 010 | @a7-80012-226-3@d17.80元 | |
| 100 | @a20000621d km y0chiy0120 ea | |
| 101 | 0 | @achi |
| 105 | @a z 000yy | |
| 200 | 1 | @a世界上最伟大的谈判家@AShi Jie Shang Zui Wei Da De Tan Pan Jia@f孔谧等编@FKong Mi Deng Bian |
| 210 | @a北京@c工商出版社 | |
| 215 | @a385页@d32开 | |
| 606 | 0 | @a社会结构 |
| 606 | 0 | @a社会关系 |
| 690 | @aC912.25@v3 | |
| 701 | 0 | @a孔谧@4编 |
| 801 | @aCN@bPftUser@c20000621 | |
| 905 | @dC912.25@eK153@b209699@f1 | |
| 世界上最伟大的谈判家/孔谧等编.-北京:工商出版社 |
| 385页;32开 |
| ISBN 7-80012-226-3:17.80元 |
| ● |
| 相关链接 |
|
|
|
正题名:世界上最伟大的谈判家
索取号:C912.25/K153
 
预约/预借
| 序号 | 登录号 | 条形码 | 馆藏地/架位号 | 状态 | 备注 |
| 1 | 209699 | 202096999 | 社科库509/ [索取号:C912.25/K153] | 在馆 |